[Event "Barcelona Sant Marti op 11th"]
[Site "Barcelona"]
[Date "2024.02.22"]
[Round "7"]
[White "Carricondo Fernandez, Vicente"]
[Black "Flores Munoz, Daniel"]
[Result "1-0"]
[WhiteElo "1700"]
[BlackElo "1548"]
[PlyCount "97"]
[EventDate "2024.01.11"]
[EventType "swiss"]
[EventRounds "9"]
[EventCountry "ESP"]
[SourceTitle "CB11_2024"]
[SourceDate "2024.03.13"]
[SourceVersion "1"]
[SourceVersionDate "2024.03.13"]
[SourceQuality "1"]

1. e4 g6 2. Nf3 Bg7 3. Bc4 e6 4. Nc3 c6 5. d4 d5 6. exd5 exd5 7. Be2 Nf6 8. 0-0 0-0 9. Ne5 Be6 10. Bg5 Qc7 11. Bf4 Qc8 12. Re1 Nbd7 13. Bf3 Nxe5 14. Bxe5 Nd7 15. Bxg7 Kxg7 16. Ne2 Qc7 17. Qd2 Nf6 18. Ng3 Bg4 19. Bxg4 Nxg4 20. Qg5 Qc8 21. h3 Nf6 22. Re5 Ng8 23. Re3 Qd7 24. Rae1 Rae8 25. Nh5+ Kh8 26. Nf6 Nxf6 27. Qxf6+ Kg8 28. Re7 Qd8 29. Qxf7+ Rxf7 30. Rxe8+ Qxe8 31. Rxe8+ Kg7 32. Kf1 a6 33. Ke2 Kf6 34. Ke3 g5 35. g3 Kf5 36. Re5+ Kf6 37. f4 h6 38. f5 h5 39. Kf3 Re7 40. Rxe7 Kxe7 41. g4 Kf6 42. Ke3 b6 43. Kd3 h4 44. c4 Ke7 45. cxd5 cxd5 46. Kc3 Kd6 47. a4 Kc6 48. a5 bxa5 49. Kb3 1-0

[Event "Sant Adria de Besos op-B 5th"]
[Site "Sant Adria de Besos"]
[Date "2023.08.16"]
[Round "7"]
[White "Carricondo Fernandez, Vicente"]
[Black "Flores Munoz, Daniel"]
[Result "1/2-1/2"]
[WhiteElo "1701"]
[BlackElo "1545"]
[PlyCount "65"]
[EventDate "2023.08.11"]
[EventType "swiss"]
[EventRounds "9"]
[EventCountry "ESP"]
[SourceTitle "EXT 2024"]
[Source "ChessBase"]
[SourceDate "2023.10.10"]
[SourceVersion "1"]
[SourceVersionDate "2023.10.10"]
[SourceQuality "1"]

1. e4 e5 2. Nf3 Nf6 3. Nxe5 d6 4. Nf3 Nxe4 5. Bd3 Nc5 6. Be2 Be7 7. Nc3 0-0 8. d4 Ncd7 9. 0-0 Nf6 10. Re1 Bg4 11. h3 Bh5 12. Bf4 Nbd7 13. Qd2 Nb6 14. d5 Bg6 15. a4 Ne4 16. Nxe4 Bxe4 17. c4 Bxf3 18. gxf3 Bf6 19. Kh2 Nd7 20. Rg1 Be5 21. Rg4 Nf6 22. Rg5 Nd7 23. Rag1 g6 24. Bd3 Bxf4+ 25. Qxf4 Kh8 26. Qg3 Qf6 27. f4 Nc5 28. Bb1 Rae8 29. f3 Re2+ 30. Kh1 Rfe8 31. f5 h6 32. Qh4 Kg7 33. fxg6 1/2-1/2

[Event "Sant Adria de Besos op-B 5th"]
[Site "Sant Adria de Besos"]
[Date "2023.08.13"]
[Round "4"]
[White "Carricondo Fernandez, Vicente"]
[Black "Aleksanyan Israelyan, Nicolas"]
[Result "1/2-1/2"]
[WhiteElo "1701"]
[BlackElo "1876"]
[PlyCount "63"]
[EventDate "2023.08.11"]
[EventType "swiss"]
[EventRounds "9"]
[EventCountry "ESP"]
[SourceTitle "EXT 2024"]
[Source "ChessBase"]
[SourceDate "2023.10.10"]
[SourceVersion "1"]
[SourceVersionDate "2023.10.10"]
[SourceQuality "1"]

1. e4 e5 2. Nf3 Nc6 3. d4 exd4 4. Bc4 Bc5 5. c3 Nf6 6. e5 d5 7. Bb5 Ne4 8. cxd4 Bb6 9. 0-0 Bg4 10. Nc3 0-0 11. Bxc6 bxc6 12. Qd3 Nxc3 13. bxc3 f6 14. Ba3 Re8 15. exf6 Bxf3 16. f7+ Kxf7 17. Qxf3+ Qf6 18. Qh3 Kg8 19. Rae1 Qf7 20. Re3 Re4 21. Rfe1 Rae8 22. R1e2 Rxe3 23. Rxe3 Rxe3 24. Qxe3 h6 25. Qd3 Qe6 26. Kf1 Ba5 27. Bc5 Bb6 28. Ba3 Qc8 29. f3 Qd8 30. g3 Ba5 31. Bb4 Bb6 32. Qe3 1/2-1/2

[Event "Barcelona Sant Marti op-B 23rd"]
[Site "Barcelona"]
[Date "2023.07.19"]
[Round "7"]
[White "Cortes Ventura, Joaquim"]
[Black "Carricondo Fernandez, Vicente"]
[Result "1/2-1/2"]
[WhiteElo "1847"]
[BlackElo "1683"]
[PlyCount "93"]
[EventDate "2023.07.13"]
[EventType "swiss"]
[EventRounds "9"]
[EventCountry "ESP"]
[SourceTitle "CBM 215 Extra"]
[Source "ChessBase"]
[SourceDate "2023.09.30"]
[SourceVersion "1"]
[SourceVersionDate "2023.09.30"]
[SourceQuality "1"]

1. d4 Nf6 2. c4 g6 3. Nc3 d5 4. cxd5 Nxd5 5. e4 Nxc3 6. bxc3 Bg7 7. Ba3 b6 8. Qc2 0-0 9. Rd1 Bb7 10. Bd3 Qe8 11. Ne2 Nd7 12. 0-0 Rc8 13. f4 c5 14. Bb5 Bc6 15. Ba6 Rc7 16. d5 Nb8 17. Bd3 Ba4 18. Qc1 Bxd1 19. Rxd1 Qd7 20. c4 e6 21. Bb2 Bxb2 22. Qxb2 exd5 23. cxd5 c4 24. Bc2 Qd6 25. e5 Qc5+ 26. Qd4 Rd8 27. d6 Qxd4+ 28. Nxd4 Rc5 29. a4 a6 30. g4 Nc6 31. Nxc6 Rxc6 32. f5 b5 33. Be4 Rc5 34. e6 fxe6 35. fxe6 Re5 36. e7 Rxe7 37. Bd5+ Kf8 38. dxe7+ Kxe7 39. axb5 axb5 40. Kf2 Kf6 41. Ke2 Ke5 42. Bc6 Rxd1 43. Kxd1 b4 44. Kc2 g5 45. Bd7 Kd4 46. Bf5 h6 47. Be6 1/2-1/2

[Event "Canovelles op"]
[Site "Canovelles"]
[Date "2021.12.28"]
[Round "2"]
[White "Salvans Serra, Arnau"]
[Black "Carricondo Fernandez, Vicente"]
[Result "1-0"]
[WhiteElo "2031"]
[BlackElo "1766"]
[PlyCount "103"]
[EventDate "2021.12.27"]
[EventType "swiss"]
[EventRounds "7"]
[EventCountry "ESP"]
[SourceTitle "CBM 206 Extra"]
[Source "ChessBase"]
[SourceDate "2022.03.31"]
[SourceVersion "1"]
[SourceVersionDate "2022.03.31"]
[SourceQuality "1"]

1. Nf3 d5 2. b3 Nf6 3. Bb2 Bf5 4. d3 h6 5. Nbd2 e6 6. g3 Nbd7 7. Bg2 c5 8. 0-0 Be7 9. e4 Bg6 10. e5 Nh7 11. Qe2 0-0 12. a4 Rb8 13. h4 Re8 14. c4 d4 15. Bh3 Nhf8 16. Nh2 f5 17. h5 Bf7 18. f4 Kh8 19. g4 g6 20. hxg6 Bxg6 21. Rf2 Nh7 22. Rg2 Rg8 23. Kh1 Qf8 24. Rag1 Qf7 25. gxf5 Bxf5 26. Rxg8+ Rxg8 27. Rxg8+ Qxg8 28. Bxf5 exf5 29. Qf3 Nhf8 30. Ndf1 b6 31. Ng3 Qg6 32. Nhf1 Bh4 33. Bc1 Kh7 34. Kg2 Bxg3 35. Nxg3 a5 36. Bd2 Ne6 37. Kf2 Nef8 38. Qd5 h5 39. Qh1 Kh6 40. Qh4 Qg4 41. Nxf5+ Kg6 42. Ne7+ Kf7 43. Qxg4 hxg4 44. Nd5 Kg6 45. Kg3 Kh5 46. Nc7 Ng6 47. e6 Nf6 48. f5 Ne7 49. Kf4 Kh4 50. Be1+ Kh3 51. Ke5 Nh5 52. Nd5 1-0

[Event "Sant Adria de Besos op-B 3rd"]
[Site "Sant Adria de Besos"]
[Date "2019.08.17"]
[Round "4"]
[White "Carricondo Fernandez, Vicente"]
[Black "Sanchez Paz, Josep"]
[Result "1-0"]
[WhiteElo "1794"]
[BlackElo "1623"]
[PlyCount "24"]
[EventDate "2019.08.14"]
[EventType "swiss"]
[EventRounds "9"]
[EventCountry "ESP"]
[SourceTitle "EXT 2020"]
[Source "ChessBase"]
[SourceDate "2019.10.17"]
[SourceVersion "1"]
[SourceVersionDate "2019.10.17"]
[SourceQuality "1"]

1. e4 c5 2. d4 cxd4 3. c3 dxc3 4. Nxc3 Nc6 5. Nf3 e6 6. Bc4 Bb4 7. 0-0 a6 8. Qe2 Na5 9. Bd3 h6 10. Rd1 Be7 11. e5 d5 12. exd6 Qxd6 1-0

[Event "Canovelles op-A"]
[Site "Canovelles"]
[Date "1999.??.??"]
[Round "8"]
[White "Carricondo Fernandez, Vicente"]
[Black "Molero Tejada, Santiago"]
[Result "0-1"]
[WhiteElo "2060"]
[BlackElo "2050"]
[PlyCount "52"]
[EventDate "1999.??.??"]
[EventType "swiss"]
[EventRounds "9"]
[EventCountry "ESP"]
[SourceTitle "EXT 2000"]
[Source "ChessBase"]
[SourceDate "1999.11.16"]
[SourceVersion "1"]
[SourceVersionDate "1999.11.16"]
[SourceQuality "1"]

1. e4 e5 2. Nf3 Nc6 3. Bc4 Be7 4. 0-0 Nf6 5. d3 d6 6. Be3 0-0 7. Nbd2 Na5 8. c3 Ng4 9. h3 Nxe3 10. fxe3 Nxc4 11. Nxc4 f5 12. exf5 Bxf5 13. e4 Be6 14. Ne3 Qe8 15. Nd5 Bxd5 16. exd5 Qb5 17. Qb3 Qxd3 18. Qxb7 e4 19. Nd4 e3 20. Qb5 Rxf1+ 21. Rxf1 Qxb5 22. Nxb5 Rb8 23. a4 Bh4 24. Nd4 Rxb2 25. Nf3 Bf2+ 26. Kh2 Kf7 0-1